LEADER 01248oam 2200385 450 001 9910715002503321 005 20201214160749.0 035 $a(CKB)5470000002507984 035 $a(OCoLC)1225206335 035 $a(EXLCZ)995470000002507984 100 $a20201203d1986 ua 0 101 0 $aeng 135 $aurbn||||||||| 181 $ctxt$2rdacontent 182 $cc$2rdamedia 183 $acr$2rdacarrier 200 00$aFailures of RHR pump motors and pump internals 210 1$aWashington, DC :$cUnited States Nuclear Regulatory Commission, Office of Inspection and Enforcement,$d1986. 215 $a1 online resource 225 1 $aInformation notice ;$vno. 86-39 300 $a"May 20, 1986." 517 3 $aFailures of residual heat removal pump motors and pump internals 606 $aNuclear reactors$xCooling 606 $aPumping machinery 615 0$aNuclear reactors$xCooling. 615 0$aPumping machinery. 712 02$aU.S. Nuclear Regulatory Commission.$bOffice of Inspection and Enforcement, 801 0$bGPO 801 1$bGPO 801 2$bOCLCO 801 2$bGPO 906 $aBOOK 912 $a9910715002503321 996 $aFailures of RHR pump motors and pump internals$93315124 997 $aUNINA